00482nam a22001337a 4500008004100000040005500041080003000096245011700126250001200243260005500255300001000310650001500320653001300335230501b |||||||| |||| 00| 0 eng d aNational Science LibrarycNational Science Library aR 92:061.6.055.6(540)bK6 aBiographical memories of fellows of the national institute of sciences of Indiab/ National Institute of Science a7th ed. aNew Delhi: bNational Institute of Science, c1966 a186p. aManagement aHandbook